| 000 | 00454nam a22001577a 4500 | ||
|---|---|---|---|
| 008 | 230711b |||||||| |||| 00| 0 eng d | ||
| 040 |
_aNational Science Library _cNational Science Library |
||
| 080 |
_a82-3 LON _bPQ |
||
| 245 | _a जंगल की कहानी | ||
| 246 | _aJangal ki kahani | ||
| 260 |
_aDelhi: _bShiksha Bharti, _c2000 |
||
| 300 | _a79p. | ||
| 650 | _2Hindi literature | ||
| 653 | _aLiterature | ||
| 942 |
_2udc _cHBK |
||
| 999 |
_c51740 _d51740 |
||